Dân số học đại cương

Tallennettuna:
Bibliografiset tiedot
Päätekijä: Nguyễn Kim Hồng
Aineistotyyppi: Kirja
Kieli:Undetermined
Julkaistu: Hà Nội Giáo Dục 2001
Aiheet:
Tagit: Lisää tagi
Ei tageja, Lisää ensimmäinen tagi!
Thư viện lưu trữ: Trung tâm Học liệu Trường Đại học Cần Thơ
LEADER 00470nam a2200169Ia 4500
001 CTU_47419
008 210402s9999 xx 000 0 und d
082 |a 304.6 
082 |b H455/2001 
100 |a Nguyễn Kim Hồng 
245 0 |a Dân số học đại cương 
245 0 |c Nguyễn Kim Hồng 
260 |a Hà Nội 
260 |b Giáo Dục 
260 |c 2001 
650 |a population 
980 |a Trung tâm Học liệu Trường Đại học Cần Thơ